|
|
|
|
| LEADER |
00000nam a2200000 a 4500 |
| 001 |
vtls001358113 |
| 003 |
SK-MaSNL |
| 005 |
20260301115004.0 |
| 008 |
240314s1956 xx 0 und |
| 035 |
|
|
|a SNK000311630
|
| 040 |
|
|
|a SNK
|b slo
|c SNK
|e AACR2
|
| 100 |
1 |
|
|a Vaněk, Miroslav,
|d 1923-2001
|4 aut
|9 238150
|
| 245 |
1 |
0 |
|a Několik příspevků k psychologii tělesné výchovy
|
| 260 |
|
|
|a Praha
|b Vysoká škola poľnohospodárska
|c 1956
|
| 300 |
|
|
|a 95 s.
|
| 999 |
|
|
|c 720539
|d 722469
|
| 952 |
|
|
|a SNK
|b SNK
|y VYP
|7 0
|p 17A0492155
|o snkIB 5322 D1
|i snkKIP 2282/56
|3 rekatalogizácia
|0 0
|1 1
|4 0
|d 2005-12-19
|l 0
|r 2026-02-23 21:58:20
|w 2026-02-23
|
| 952 |
|
|
|t P60, <04>, [BOOK], {604}
|a SNK
|b SNK
|y VYP
|7 0
|p 17A0186934
|o snkIB 5322
|0 0
|1 0
|4 0
|d 1999-03-18
|l 0
|r 2005-01-02 00:00:00
|w 2026-02-23
|